Normal view
MARC view
- Dr. Ernest Nlandu Kamavuako
Entry Personal Name
001 - CONTROL NUMBER
- control field: 16124
003 - CONTROL NUMBER IDENTIFIER
- control field: NUST
005 - DATE AND TIME OF LATEST TRANSACTION
- control field: 20190701050653.0
008 - FIXED-LENGTH DATA ELEMENTS
- fixed length control field: 190701|| aca||aabn | a|a d
040 ## - CATALOGING SOURCE
- Original cataloging agency: NUST
- Transcribing agency: NUST
100 ## - HEADING--PERSONAL NAME
- Personal name: Dr. Ernest Nlandu Kamavuako
670 ## - SOURCE DATA FOUND
- Source citation: Work cat.: (NUST): Janjua, Taha Al Muhammadee 16122, Identifying the Effects of Chiropractic Intervention on the Anterior Tibialis Muscle using High Surface Electromyography, 2017.
